The bible in ancient christianity
| Format: | Print Series/Journal |
|---|---|
| Language: | English |
| Subito Delivery Service: | Order now. |
| Check availability: | HBZ Gateway |
| WorldCat: | WorldCat |
| Interlibrary Loan: | Für eine Fernleihe wählen Sie bitte zuerst einen Band oder Aufsatz aus. |
| Published: |
Leiden [u.a.]
Brill
2004-
|
| In: | Year: 2004 |
| Volumes / Articles: | Show volumes/articles. |
| Standardized Subjects / Keyword chains: | B
Bible
/ Early Christianity (motif)
B Bible B Bible / Church history studies 30-600 |
| RelBib Classification: | HA Bible |
| Further subjects: | B
Publication series
B Bible Criticism, interpretation, etc History Early church, ca. 30-600 |
| Parallel Edition: | Electronic
|
MARC
| LEADER | 00000cas a2200000 c 4500 | ||
|---|---|---|---|
| 001 | 476275008 | ||
| 003 | DE-627 | ||
| 005 | 20250604141511.0 | ||
| 007 | tu | ||
| 008 | 041229c20049999ne z| m| 0 |0eng c | ||
| 016 | 7 | |a 026898225 |2 DE-101 | |
| 016 | 7 | |a 2172407-6 |2 DE-600 | |
| 022 | |a 1542-1295 | ||
| 035 | |a (DE-627)476275008 | ||
| 035 | |a (DE-576)9476275006 | ||
| 035 | |a (DE-599)ZDB2172407-6 | ||
| 035 | |a (OCoLC)1071405186 | ||
| 040 | |a DE-627 |b ger |c DE-627 |e rakwb | ||
| 041 | |a eng | ||
| 044 | |c XA-NL |c XD-US | ||
| 050 | 0 | |a BS500 | |
| 082 | 0 | 4 | |a 220 |q DE-600 |
| 084 | |a 1 |2 ssgn | ||
| 084 | |a 11.51 |2 bkl | ||
| 084 | |a 11.34 |2 bkl | ||
| 245 | 0 | 4 | |a The bible in ancient christianity |
| 264 | 3 | 1 | |a Leiden [u.a.] |b Brill |c 2004- |
| 336 | |a Text |b txt |2 rdacontent | ||
| 337 | |a ohne Hilfsmittel zu benutzen |b n |2 rdamedia | ||
| 338 | |a Band |b nc |2 rdacarrier | ||
| 362 | 0 | |a 1.2004 - | |
| 363 | 0 | 1 | |a 1 |i 2004 |
| 652 | |a HA |b DDCoderRVK | ||
| 653 | 0 | |a Bible |a Criticism, interpretation, etc |a History |a Early church, ca. 30-600 | |
| 655 | 7 | |a Monografische Reihe |0 (DE-588)4179998-7 |0 (DE-627)104628669 |0 (DE-576)209995106 |2 gnd-content | |
| 689 | 0 | 0 | |d u |0 (DE-588)4006406-2 |0 (DE-627)106377604 |0 (DE-576)208865497 |a Bibel |2 gnd |
| 689 | 0 | 1 | |d s |0 (DE-588)4129954-1 |0 (DE-627)104161795 |0 (DE-576)209614838 |2 gnd |a Frühchristentum |
| 689 | 0 | |5 DE-101 | |
| 689 | 1 | 0 | |d u |0 (DE-588)4006406-2 |0 (DE-627)106377604 |0 (DE-576)208865497 |a Bibel |2 gnd |
| 689 | 1 | |5 DE-101 | |
| 689 | 2 | 0 | |d u |0 (DE-588)4006406-2 |0 (DE-627)106377604 |0 (DE-576)208865497 |a Bibel |2 gnd |
| 689 | 2 | 1 | |q z |2 gnd |a Kirchengeschichte 30-600 |
| 689 | 2 | |5 (DE-627) | |
| 776 | 0 | 8 | |i Online-Ausgabe |t Bible in ancient Christianity |d Leiden [u.a.] : Brill, 20XX |w (DE-627)1559656042 |w (DE-576)489656048 |x 1542-1295 |k Electronic |
| 889 | |w (DE-603)126493502 | ||
| 889 | |w (DE-576)113797567 | ||
| 889 | |w (DE-627)1183797567 | ||
| 889 | |w (DE-627)1871413958 | ||
| 935 | |a mteo | ||
| 935 | |i sdedup20221111 | ||
| 936 | b | k | |a 11.51 |j Frühes Christentum |0 (DE-627)106419641 |
| 936 | b | k | |a 11.34 |j Exegese |j Hermeneutik |x Bibel |0 (DE-627)106404415 |
| 951 | |a ST | ||
| BIB | |a 1 | ||
| ELC | |b 1 | ||
| ITA | |a 1 |t 1 | ||
| LOK | |0 000 xxxxxcx a22 zn 4500 | ||
| LOK | |0 001 2447540108 | ||
| LOK | |0 003 DE-627 | ||
| LOK | |0 004 476275008 | ||
| LOK | |0 005 20200618204240 | ||
| LOK | |0 008 041006||||||||||||||||ger||||||| | ||
| LOK | |0 040 |a DE-21 |c DE-627 |d DE-21 | ||
| LOK | |0 852 |a DE-21 | ||
| LOK | |0 852 1 |9 00 | ||
| LOK | |0 935 |a theo | ||
| LOK | |0 939 |a 06-10-04 |b l01 | ||
| LOK | |0 000 xxxxxcx a22 zn 4500 | ||
| LOK | |0 001 2447540116 | ||
| LOK | |0 003 DE-627 | ||
| LOK | |0 004 476275008 | ||
| LOK | |0 005 20200618204240 | ||
| LOK | |0 008 041207||||||||||||||||ger||||||| | ||
| LOK | |0 040 |a DE-21-31 |c DE-627 |d DE-21-31 | ||
| LOK | |0 852 |a DE-21-31 | ||
| LOK | |0 852 1 |c Einzelsignatur |m p |9 00 | ||
| LOK | |0 938 |k p | ||
| LOK | |0 939 |a 07-12-04 |b l01 | ||
| ORI | |a SA-MARC-ixtheoa001.raw | ||
| REL | |a 1 |c 1 | ||
| SPR | |a 1 |t BIB |t IXT |t REL | ||
| STA | 0 | 0 | |a Bible,Early Christianity (motif),Church,Early Christianity,Early church |
| STB | 0 | 0 | |a Christianisme primitif (motif),Christianisme primitif,Paléochristianisme,Paléochristianisme,Église |
| STC | 0 | 0 | |a Cristianismo primitivo |
| STD | 0 | 0 | |a Cristianesimo delle origini |
| STE | 0 | 0 | |a 早期基督教 |
| STF | 0 | 0 | |a 早期基督教 |
| STG | 0 | 0 | |a Cristianismo primitivo |
| STH | 0 | 0 | |a Раннее христианство |
| STI | 0 | 0 | |a Πρώιμος Χριστιανισμός |
| SUB | |a BIB | ||
| SYG | 0 | 0 | |a Bible for Today's Family,Contemporary English version bible,CEV,New International Reader's,NIrV,NIV,N.I.V.,New International Version Bible,English Standard Version,ESV,ESV Bible,Holy Bible, English Standard Version,Schlachter-Bibel,Schlachterbibel,Zürcher Bibel,Bibel,Handschrift,Arras,Bibliothèque Municipale,Ms. 559,Saint-Vaast Bible,Vatopediu,Athos, Bibliothek,Cod. 1582,Bibbia di Ripoll,Ripoll Bibel,La bible nouvellement translatée avec annotations,Bibel,Althochdeutsch,Glosse,Basel,Universitätsbibliothek,Cod. N I 3 Nr. 97a,Bibelglossatur M,Basel,Universitätsbibliothek,Cod. N I 3 Nr. 97a,Bibel,Handschrift,Breslau,Universitätsbibliothek,Ms. M 1106,Bibel,Bibel,Bibel,Bibel,Bibel,Bibel,Bibel in gerechter Sprache,Itala,Bibel,Bibel,Bibel,Bibel,King James Version,Authorized Version,Authorised Version,KJV,KJB,King James Bible,King-James-Bibel,Zwingli-Bibel,Zwinglibibel,Zürcher Bibelübersetzung,Bibel,Neues Testament,Einheitsübersetzung,Einheitsübersetzung der Heiligen Schrift,Biblia,Heilige Schrift,Bible,Die Bibel,Die Heilige Schrift,La Sainte Bible,La Soncha Scrittüra,Biblia Sacra,La Bible,The Holy Bible,Sveto pismo Staroga i Novoga zaveta,Biblia święta,Biblí svatá,Biblija,La Sacra Bibbia,La Santa Biblia,Die Heiligen Schriften des Alten und Neuen Bundes,Die Heiligen Schriften,Die gantze Heilige Schrifft Deudsch,Die ganze Heilige Schrifft,Kitāb-i muqaddas,al- Kitab al-muqaddas,Seisho,Müqäddäs kitab,Beibel,Bībele,Lutherbibel,Luther-Bibel,Biblia, das ist, die gantze heilige Schrifft Deudsch , Alte Kirche,Frühkirche , Bible for Today's Family,Contemporary English version bible,CEV,New International Reader's,NIrV,NIV,N.I.V.,New International Version Bible,English Standard Version,ESV,ESV Bible,Holy Bible, English Standard Version,Schlachter-Bibel,Schlachterbibel,Zürcher Bibel,Bibel,Handschrift,Arras,Bibliothèque Municipale,Ms. 559,Saint-Vaast Bible,Vatopediu,Athos, Bibliothek,Cod. 1582,Bibbia di Ripoll,Ripoll Bibel,La bible nouvellement translatée avec annotations,Bibel,Althochdeutsch,Glosse,Basel,Universitätsbibliothek,Cod. N I 3 Nr. 97a,Bibelglossatur M,Basel,Universitätsbibliothek,Cod. N I 3 Nr. 97a,Bibel,Handschrift,Breslau,Universitätsbibliothek,Ms. M 1106,Bibel,Bibel,Bibel,Bibel,Bibel,Bibel,Bibel in gerechter Sprache,Itala,Bibel,Bibel,Bibel,Bibel,King James Version,Authorized Version,Authorised Version,KJV,KJB,King James Bible,King-James-Bibel,Zwingli-Bibel,Zwinglibibel,Zürcher Bibelübersetzung,Bibel,Neues Testament,Einheitsübersetzung,Einheitsübersetzung der Heiligen Schrift,Biblia,Heilige Schrift,Bible,Die Bibel,Die Heilige Schrift,La Sainte Bible,La Soncha Scrittüra,Biblia Sacra,La Bible,The Holy Bible,Sveto pismo Staroga i Novoga zaveta,Biblia święta,Biblí svatá,Biblija,La Sacra Bibbia,La Santa Biblia,Die Heiligen Schriften des Alten und Neuen Bundes,Die Heiligen Schriften,Die gantze Heilige Schrifft Deudsch,Die ganze Heilige Schrifft,Kitāb-i muqaddas,al- Kitab al-muqaddas,Seisho,Müqäddäs kitab,Beibel,Bībele,Lutherbibel,Luther-Bibel,Biblia, das ist, die gantze heilige Schrifft Deudsch , Bible for Today's Family,Contemporary English version bible,CEV,New International Reader's,NIrV,NIV,N.I.V.,New International Version Bible,English Standard Version,ESV,ESV Bible,Holy Bible, English Standard Version,Schlachter-Bibel,Schlachterbibel,Zürcher Bibel,Bibel,Handschrift,Arras,Bibliothèque Municipale,Ms. 559,Saint-Vaast Bible,Vatopediu,Athos, Bibliothek,Cod. 1582,Bibbia di Ripoll,Ripoll Bibel,La bible nouvellement translatée avec annotations,Bibel,Althochdeutsch,Glosse,Basel,Universitätsbibliothek,Cod. N I 3 Nr. 97a,Bibelglossatur M,Basel,Universitätsbibliothek,Cod. N I 3 Nr. 97a,Bibel,Handschrift,Breslau,Universitätsbibliothek,Ms. M 1106,Bibel,Bibel,Bibel,Bibel,Bibel,Bibel,Bibel in gerechter Sprache,Itala,Bibel,Bibel,Bibel,Bibel,King James Version,Authorized Version,Authorised Version,KJV,KJB,King James Bible,King-James-Bibel,Zwingli-Bibel,Zwinglibibel,Zürcher Bibelübersetzung,Bibel,Neues Testament,Einheitsübersetzung,Einheitsübersetzung der Heiligen Schrift,Biblia,Heilige Schrift,Bible,Die Bibel,Die Heilige Schrift,La Sainte Bible,La Soncha Scrittüra,Biblia Sacra,La Bible,The Holy Bible,Sveto pismo Staroga i Novoga zaveta,Biblia święta,Biblí svatá,Biblija,La Sacra Bibbia,La Santa Biblia,Die Heiligen Schriften des Alten und Neuen Bundes,Die Heiligen Schriften,Die gantze Heilige Schrifft Deudsch,Die ganze Heilige Schrifft,Kitāb-i muqaddas,al- Kitab al-muqaddas,Seisho,Müqäddäs kitab,Beibel,Bībele,Lutherbibel,Luther-Bibel,Biblia, das ist, die gantze heilige Schrifft Deudsch |
| TIM | |a 100000300101_100006001231 |b Kirchengeschichte 30-600 | ||



